The comedy of Dante Alighieri : (Record no. 27251)
[ view plain ]
| 000 -LEADER | |
|---|---|
| fixed length control field | 01418cam a22004215a 4500 |
| 001 - CONTROL NUMBER | |
| control field | CAF2903BB |
| 003 - CONTROL NUMBER IDENTIFIER | |
| control field | EG-ScBUE |
| 005 - DATE AND TIME OF LATEST TRANSACTION | |
| control field | 20220308135239.0 |
| 008 - FIXED-LENGTH DATA ELEMENTS--GENERAL INFORMATION | |
| fixed length control field | 000126s1949 enka f bd 000 p eng d |
| 020 ## - INTERNATIONAL STANDARD BOOK NUMBER | |
| International Standard Book Number | 9780140440065 |
| 035 ## - SYSTEM CONTROL NUMBER | |
| System control number | (InU)CAF2903BB |
| 035 ## - SYSTEM CONTROL NUMBER | |
| System control number | (OCoLC)ocm09177289 |
| 040 ## - CATALOGING SOURCE | |
| Original cataloging agency | OIT |
| Language of cataloging | eng |
| Description conventions | rda |
| Transcribing agency | OIT |
| Modifying agency | OCL |
| -- | EG-ScBUE |
| 041 1# - LANGUAGE CODE | |
| Language code of text/sound track or separate title | eng |
| Language code of original and/or intermediate translations of text | ita |
| 082 04 - DEWEY DECIMAL CLASSIFICATION NUMBER | |
| Classification number | 851.1 |
| Item number | DAN |
| Edition number | 22 |
| 100 0# - MAIN ENTRY--PERSONAL NAME | |
| Personal name | Dante Alighieri, |
| Dates associated with a name | 1265-1321, |
| Relator term | author. |
| 9 (RLIN) | 35193 |
| 245 14 - TITLE STATEMENT | |
| Title | The comedy of Dante Alighieri : |
| Remainder of title | the Florentine / |
| Statement of responsibility, etc | translated by Dorothy L. Sayers. |
| 264 #1 - PUBLICATION, DISTRIBUTION, ETC. (IMPRINT) | |
| Place of publication, distribution, etc | London : |
| Name of publisher, distributor, etc | Penguin Books, |
| Date of publication, distribution, etc | 1949. |
| 300 ## - PHYSICAL DESCRIPTION | |
| Extent | 347 pages : |
| Other physical details | illustrations ; |
| Dimensions | 18 cm. |
| 336 ## - CONTENT TYPE | |
| Source | rdacontent |
| Content type term | text |
| Content type code | txt |
| 337 ## - MEDIA TYPE | |
| Source | rdamedia |
| Media type term | unmediated |
| Media type code | n |
| 338 ## - CARRIER TYPE | |
| Source | rdacarrier |
| Carrier type term | volume |
| Carrier type code | nc |
| 490 0# - SERIES STATEMENT | |
| Series statement | Penguin classics |
| 500 ## - GENERAL NOTE | |
| General note | Includes glossary. |
| 504 ## - BIBLIOGRAPHY, ETC. NOTE | |
| Bibliography, etc | Includes bibliographical references. |
| 505 2# - FORMATTED CONTENTS NOTE | |
| Formatted contents note | v. 1. Cantica 1, Hell (L'inferno). |
| 546 ## - LANGUAGE NOTE | |
| Language note | Text in English ; translated from original Italian. |
| 650 #7 - SUBJECT ADDED ENTRY--TOPICAL TERM | |
| Topical term or geographic name as entry element | Purgatorio (Dante Alighieri) |
| Source of heading or term | BUEsh |
| 650 #7 - SUBJECT ADDED ENTRY--TOPICAL TERM | |
| Topical term or geographic name as entry element | Inferno (Dante Alighieri) |
| Source of heading or term | BUEsh |
| 650 #7 - SUBJECT ADDED ENTRY--TOPICAL TERM | |
| Topical term or geographic name as entry element | Italian poetry. |
| Source of heading or term | BUEsh |
| 650 #7 - SUBJECT ADDED ENTRY--TOPICAL TERM | |
| Topical term or geographic name as entry element | Heaven. |
| Source of heading or term | BUEsh |
| 9 (RLIN) | 40261 |
| 651 ## - SUBJECT ADDED ENTRY--GEOGRAPHIC NAME | |
| Source of heading or term | BUEsh |
| 653 ## - INDEX TERM--UNCONTROLLED | |
| Resource For college | Humanities: English |
| -- | Generalities |
| Arrived date list | March2019 |
| 655 ## - INDEX TERM--GENRE/FORM | |
| Form subdivision | Reading book |
| 9 (RLIN) | 34232 |
| 700 1# - ADDED ENTRY--PERSONAL NAME | |
| Personal name | Sayers, Dorothy L. |
| Fuller form of name | (Dorothy Leigh), |
| Dates associated with a name | 1893-1957, |
| Relator term | translator. |
| 942 ## - ADDED ENTRY ELEMENTS (KOHA) | |
| Source of classification or shelving scheme | Dewey Decimal Classification |
| Koha item type | Book - Borrowing |
| 998 ## - LOCAL CONTROL INFORMATION (RLIN) | |
| Operator\'s initials, OID (RLIN) | 4/19/2000 |
| Cataloger\'s initials, CIN (RLIN) | 4/19/2000 |
| Withdrawn status | Lost status | Source of classification or shelving scheme | Damaged status | Not for loan | Collection code | Home library | Current library | Shelving location | Date acquired | Source of acquisition | Cost, normal purchase price | Total Checkouts | Full call number | Barcode | Date last seen | Cost, replacement price | Koha item type | Total Renewals | Date checked out |
|---|---|---|---|---|---|---|---|---|---|---|---|---|---|---|---|---|---|---|---|
| Dewey Decimal Classification | Baccah | Central Library | Central Library | Second Floor | 18/03/2019 | Purchase | 160.00 | 851.1 DAN | 000044414 | 13/11/2025 | 200.00 | NB - Book (Non borrowing) | |||||||
| Dewey Decimal Classification | Baccah | Central Library | Central Library | Second Floor | 18/03/2019 | Purchase | 160.00 | 1 | 851.1 DAN | 000044415 | 23/11/2025 | 200.00 | Book - Borrowing | 7 | 03/08/2025 |